LEADER 04454nam a2200565 u 4500 001 000000060361 003 CaOOAMICUS 005 20070226120913.0 008 010719m19801982ne ac u000 u fre u 035 $a10897876 040 $aPUL(R)$bita 041 0 $afre$aeng 245 00$aRecueil des cours 1977 :$bcollected courses of The Hague Academy of International Law /$cAcadémie de Droit International ; établie avec le concours de la Dotation Carnegie Pour la Paix International. 260 $aLeyde :$bSijthoff,$c1980-1982. 300 $a5 v. :$britr. ;$c24 cm 500 $aContiene indici. 500 $aI volumi hanno doppia numerazione: in numeri romani per l'annata, e in mumeri arabi a partire dal primo tomo (1923) della serie. 500 $a"Tome 154 [-158] de la Collection". 504 $aBibliografia in nota. 650 4$aDiritto internazionale.$0(OLS)http://pul/subject/2505 710 2 $aCarnegie Endowment for International Peace.$0(OLS)http://pul/name/41012 710 2 $aAcadémie de droit international.$0(OLS)http://pul/name/32517 774 0 $aWengler, Wilhelm.$tPublic international law : paradox of a legal order$w()93861 774 0 $aLebedev, Sergei N.$tInternational commercial arbitration in the socialist countries members of the CMEA$w()93862 774 0 $aGiuliano, Mario.$tLa loi applicable aux contrats : problèmes choisis$w()93863 774 0 $aJodlowski, Jerzy.$tLes conventions relatives à la cooperation judiciaire entre les états socialistes et les états occindentaux$w()93864 774 0 $aMovchan, Anatoly P.$tProblems of boundaires and security in the Helsinki Declaration$w()93865 774 0 $aNin?i?, Djura.$tLes implications générales juridiques et historiques da le Déclaration d'Helsinki$w()93866 774 0 $aLagarde, Paul.$tLa réciprocité en droit international privé$w()93867 774 0 $aNascimento e Silva, Gerardo Eulalio do.$tLe facteur temps et les traités$w()93868 774 0 $aBroms, Bengt.$tThe definition of aggression$w()93869 774 0 $aLalive, Pierre André.$tTendances et méthodes en droit international privé : (cours général)$w()93870 774 0 $aAnsay, Tugrul.$tLegal problems of migrant workers$w()93871 774 0 $aAnsay, Tugrul.$tLes principes régissant la structure et le fonctionnement des organisations internationales$w()93872 774 0 $aGonzalez Campos, Julio D.$tLes liens entre la compétence judiciaire et la compétence législative en droit international privé$w()93873 774 0 $aMacdonald, Ronald St. John.$tThe role of the legal adviser of ministries of foreign affairs$w()93874 774 0 $aLuzzatto, Riccardo.$tInternational commercial arbitration and the municipal law of states$w()93875 774 0 $aMorse, Bradford.$tPractice, norms and reform of international humanitarian rescue operations$w()93876 774 0 $aArangio-Ruiz, Gaetano.$tHuman rights and non-intervention in the Helsinki final act$w()93877 774 0 $aUbertazzi, Giovanni Maria.$tRégles de non-discrimination et droit international privé$w()93878 774 0 $aLa Pradelle, Paul Geouffre de.$tNotions de territoire et d'espace dans l'aménagement des rapports internationaux contemporains$w()93879 850 $aPUL 852 $aPUL$W1$xDP2 Diritto e Scienze Sociali 2$y100$mUtrCiv C 4.154-158$j78660$nBK-PRI$b $qStampati altre collocazioni$B78660$CPULBib$Z2$F78660 $H $81 852 $aPUL$W1$xDP2 Diritto e Scienze Sociali 2$y100$mUtrCiv C 4.154-158$j78660$nBK-PRI$b $qStampati altre collocazioni$B78661$CPULBib$Z2$F78661 $H $81 852 $aPUL$W1$xDP2 Diritto e Scienze Sociali 2$y100$mUtrCiv C 4.154-158$j78660$nBK-PRI$b $qStampati altre collocazioni$B78662$CPULBib$Z2$F78662 $H $81 852 $aPUL$W1$xDP2 Diritto e Scienze Sociali 2$y100$mUtrCiv C 4.154-158$j78660$nBK-PRI$b $qStampati altre collocazioni$B78663$CPULBib$Z2$F78663 $H $81 852 $aPUL$W1$xDP2 Diritto e Scienze Sociali 2$y100$mUtrCiv C 4.154-158$j78660$nBK-PRI$b $qStampati altre collocazioni$B78664$CPULBib$Z2$F78664 $H $81 941 1 $a10 996 $6245$aRecueil des cours 1977 :$bcollected courses of The Hague Academy of International Law$9(OLS)http://pul/title/80702 996 $6260$aLeyde :$bSijthoff$9(OLS)http://pul/publisher/63847 LEADER 01722nam a2200373 a 4500 001 000000140037 003 CaOOAMICUS 005 20141007183342.0 008 141007s2003 it m 000 0 por d 020 $a88-8333-078-1 040 $aPUL$bita 100 1 $aSanches Ximenes, Guilherme,$d1971-$0(OLS)http://pul/name/90301 245 12$aA jurisprudencia da Rota Romana sobre o consentimento matrimonial condicionado/$cGuilherme Sanches Ximenes. 260 $aRomae :$b[s.n.],$c2003. 300 $a291 p.$c24 cm 490 1 $aDissertationes.$aSeries canonica ;$v11 500 $aSegue appendice documentale : p.[249]-280. 502 $aTesi di Dottorato in Diritto Canonico--Pontificia Universitas Sanctae Crucis, 2003. 504 $aBibliografia: p. [281]-291. 610 24$aTribunale della rota romana.$0(OLS)http://pul/subject/41986 650 04$aMatrimonio (diritto processuale canonico).$0(OLS)http://pul/subject/36330 650 04$aMatrimonio (diritto canonico)$xConsenso.$0(OLS)http://pul/subject/20232 710 2 $aPontificia Università della Santa Croce.$bFacoltà di diritto canonico.$kTesi.$0(OLS)http://pul/name/66397 850 $aPUL 852 $aPUL$W1$xDP1 Tesi Pon. Univ. S. Croce$y43$m2003 C 2$j143012$qTesi$B161212$CPULBib$Z2$F161212 $82 941 1 $a16 960 $aRomana Rota$941986 960 $aSacra romana rota$941986 960 $aRota romana$941986 960 $aRotae romanae tribunal$941986 996 $6020$a88-8333-078-1$9(OLS)http://pul/number/156123 996 $6245$aA jurisprudencia da Rota Romana sobre o consentimento matrimonial condicionado/$9(OLS)http://pul/title/177277 996 $6260$aRomae :$b[s.n.]$9(OLS)http://pul/publisher/48223